000 00239nam a2200097Ia 4500
001 714639
005 20250826162909.0
008 250824s9999 xx 000 0 und d
245 0 _aGENİŞ ZAMANLAR
_cAYŞE KULİN
260 _bEVEREST YAYINLARI
999 _c714639
_d714639